000 00603nam a22001815i 4500
001 171764
003 ES-MaACL
005 20230906214725.0
008 090528s1969 sp |||| | spa d
080 _a372:371.2(46)
100 1 _aSolana, Ezequiel.
_9140208
245 1 0 _aLibro de matrícula, asistencia diaria, clasificación, correspondencia /
_c[Ezequiel Solana].
260 _aMadrid :
_bEscuela Española,
_c[1969]
300 _a34 h. ;
_c32 cm.
500 _aPrecede al tít.: Registro Escolar Solana.
650 1 4 _aEnseñanza-
_vFormularios.
_9140209
852 _aES-MaACL
_jC-41239
_9R.72804
999 _c171764
_d171764